00908nam a2200241 a 4500001001000000003000900010005001700019008004100036020001800077040002500095082002600120245016200146260004400308300003600352500001100388500004200399504002900441650003700470650004100507650003900548650004400587700003500631000048661DO-SdBNP20230810113521.0190405s2015 dr ac 000 m spa d a9789996404566 aDO-SdBNPbspacBNPHU 4aRD863.4408bM965m22200a(M) UN DOS :bmuestrario de poesía nicaragüense y dominicana /cselección, prólogo, introducciones, notas y glosario de Luis Ricardo Arévalo Arias. aManagua, Nicaragua :bAncestros,c2015. a298 p. :bil., retrs. ;c22 cm. aMundos aIncluye datos biográficos del autor aBibliografía : 289-292 4aPoesía dominicanavColecciones 4aPoesía nicaragüensevColecciones 4aLiteratura dominicanavColecciones 4aLiteratura nicaragüense vColecciones1 aArévalo Arias, Luis Ricardo